000 00424cam a22001337a 4500
008 180718b1979 xxu||||| |||| 00| 0 eng d
082 _aT3x54 In2
100 _aGoyal, S.K.
245 _aTrends in concentration in India (Business and Economic power)
_cBy S.K. Goyal
260 _aNew Delhi
_bIndian Institute of Public Administration
_c1979
300 _a190p.
650 _aCorporations - India
650 _aBusiness - India
999 _c475940
_d475940